Globální správcovství

Svetový spoločenský vývoj smeruje ku globálnej občianskej spoločnosti. Potreba všeobecne uznaného lídra svetového spoločenstva. Globálne ekonomické riadenie. Financovanie globálneho riadenia. Starostlivosť o globálne statky.

Na minha lista:
Detalhes bibliográficos
Autor principal: Nováček, Pavel
Formato: Capítulo de Livro
Idioma:tcheco
Assuntos:
Tags: Adicionar Tag
Sem tags, seja o primeiro a adicionar uma tag!

MARC

LEADER 00000naa$a2200000$$$4500
001 0024100
005 20230928075303.2
041 0 |a cze 
044 |a SK 
245 1 0 |a Globální správcovství  |c Pavel Nováček 
520 |a Svetový spoločenský vývoj smeruje ku globálnej občianskej spoločnosti. Potreba všeobecne uznaného lídra svetového spoločenstva. Globálne ekonomické riadenie. Financovanie globálneho riadenia. Starostlivosť o globálne statky. 
610 2 0 |a globalizácia 
610 2 0 |a svet 
610 2 0 |a spoločnosť globálna 
610 2 0 |a spoločnosť občianska 
610 2 0 |a civilizácia 
610 2 0 |a prostredie životné 
610 2 0 |a riadenie 
610 2 0 |a financovanie 
610 2 0 |a pokrok hospodársky 
610 2 0 |a stabilita politická 
610 2 0 |a suverenita štátna 
610 2 0 |a organizácie medzinárodné 
100 1 |a Nováček, Pavel